Historia de la lengua y literatura castellana / (Record no. 42300)

MARC details
000 -LEADER
campo de control de longitud fija 01556nam a2200253 4500
001 - NÚMERO DE CONTROL
campo de control 42300
003 - IDENTIFICADOR DE NÚMERO DE CONTROL
campo de control ES-MaACL
005 - FECHA Y HORA DE LA ÚLTIMA TRANSACCIÓN
campo de control 20231204171250.0
007 - CAMPO FIJO DE DESCRIPCIÓN FÍSICA--INFORMACIÓN GENERAL
campo de control de longitud fija t|
008 - DATOS DE LONGITUD FIJA--INFORMACIÓN GENERAL
campo de control de longitud fija 030313m19151922sp af |||| | spa d
080 ## - NÚMERO DE LA CLASIFICACIÓN DECIMAL UNIVERSAL
Número de la Clasificación Decimal Universal 806.0-532
080 ## - NÚMERO DE LA CLASIFICACIÓN DECIMAL UNIVERSAL
Número de la Clasificación Decimal Universal 860.09
080 ## - NÚMERO DE LA CLASIFICACIÓN DECIMAL UNIVERSAL
Número de la Clasificación Decimal Universal 860(8.03).09
100 1# - ENTRADA PRINCIPAL--NOMBRE DE PERSONA
Nombre de persona Cejador y Frauca, Julio,
Fechas asociadas al nombre 1864-1927
9 (RLIN) 37333
245 10 - MENCIÓN DEL TÍTULO
Título Historia de la lengua y literatura castellana /
Mención de responsabilidad, etc. por Julio Cejador y Frauca.
260 ## - PUBLICACIÓN, DISTRIBUCIÓN, ETC.
Lugar de publicación, distribución, etc. Madrid :
Nombre del editor, distribuidor, etc. Tip. de la Revista de Archivos, Bibliotecas y Museos,
Fecha de publicación, distribución, etc. 1915-1922.
300 ## - DESCRIPCIÓN FÍSICA
Extensión 14 v., lám. ;
Dimensiones 24 cm.
505 8# - NOTA DE CONTENIDO CON FORMATO
Nota de contenido con formato Contiene: V.I.: Desde sus orígenes hasta Carlos V. -- V.II.: Epoca de Carlos V. -- V.III.: Epoca de Felipe II. -- V.IV.: Epoca de Felipe III. -- V.V.: Epoca de Felipe IV y Carlos II. -- V.VI.: Siglo XVIII hasta 1829. -- V. VII.: Epoca romántica 1830-1849. -- V. VIII.: Epoca realista: 1 parte: antes de la revolución 1850-1869. -- V. IX.: Epoca realista: 2ª parte: después de la revolución 1850-1869. -- V. X.: Epoca regional y modernista 1888-1907 : 1ª parte. -- V. XI.: Epoca regional y modernista 1887-1907 : 2ª parte. -- V. XII.: Epoca regional y modernista, 1888-1907 : 3ª parte. -- V. XIII.: Epoca contemporánea, 1908-1920 : 1ª parte. -- V. XIV.: Epoca contemporánea 1908-1920 : fin y apéndices.
650 04 - PUNTO DE ACCESO ADICIONAL DE MATERIA--TÉRMINO DE MATERIA
Término de materia o nombre geográfico como elemento de entrada Lengua española-
Subdivisión de forma Historia.
9 (RLIN) 14166
650 #4 - PUNTO DE ACCESO ADICIONAL DE MATERIA--TÉRMINO DE MATERIA
Término de materia o nombre geográfico como elemento de entrada Literatura española-
Subdivisión general Historia y crítica
9 (RLIN) 14560
650 04 - PUNTO DE ACCESO ADICIONAL DE MATERIA--TÉRMINO DE MATERIA
Término de materia o nombre geográfico como elemento de entrada Literatura hispanoamericana-
Subdivisión general Historia y crítica.
9 (RLIN) 14606
852 ## - LOCALIZACIÓN
Ubicación ES-MaACL
Número de control de estantería B-3914-27
Holdings
Estatus retirado Estado de pérdida Estado de daño No para préstamo Biblioteca de origen Biblioteca actual Ubicación en estantería Fecha de adquisición Fuente de adquisición Total de préstamos Signatura topográfica completa Código de barras Visto por última vez Precio de reemplazo Tipo de ítem Koha
        Biblioteca del Ateneo de Madrid Biblioteca del Ateneo de Madrid Sala Pardo Bazán 17/01/2008     B-3914-27 1044516 23/02/2023 23/02/2023 Libro impreso